| 000 | 00423nam a22001457a 4500 | ||
|---|---|---|---|
| 082 | _aP-454 | ||
| 100 |
_aTalal Bin Zulfiqar _947615 |
||
| 245 |
_aTraffic engineering analysis of 9th avenue Islamabad _cTalal Bin Zulfiqar, Mamoon Shaafaey |
||
| 260 |
_aRisalpur _bMCE _c2011 |
||
| 300 | _a60 p.: | ||
| 526 |
_a0 _b0 _c0 _dP_454 |
||
| 650 | _aProject | ||
| 700 |
_aDr Muhammad Bilal Khurshid Lt Col _948333 |
||
| 942 |
_2ddc _cBK |
||
| 999 |
_c551312 _d551312 |
||